Gminy Powiatu Gnieźnienskiego - Statystyki

Ogólne statystyki
  • Ten quiz został rozwiązany 8 razy
  • Średni wynik to 6 z 9
Statystyki odpowiedzi
Gminy % Poprawnych
Gniezno
100%
Czerniejewo
71%
Kiszkowo
71%
Kłecko
71%
Łubowo
71%
Witkowo
71%
Mieleszyn
57%
Niechanowo
57%
Trzemeszno
57%
Nie znaleziono quizów pasujących do podanych kryteriów
Rozkład punktacji
Procent ludzi z każdym wynikiem
Percentyl według liczby udzielonych odpowiedzi
Twoja historia wyników
Nie rozwiązałeś tego quizu